000
00345nam a2200121Ia 4500
008
151001s9999||||xx |||||||||||||| ||und||
100
_a
अविनाश भट्ट
245
_a
अरेबियन नाईटस
250
_a
1
260
_b
पुष्प प्रकाशन पुणे
300
_a
88
365
_b
24
999
_c
980489
_d
980486